000 00672cam a2200145 4500500
005 20251012020620.0
041 _afre
042 _adc
100 1 0 _aÉchappé, Olivier
_eauthor
245 0 0 _aDUGAN Patricia, The Penal Process and the Protection of Rights in Canon Law. Proceedings of a Conference held at the Pontifical University of the Holy Cross, Rome, March, 25-26, 2004, coll. Gratianus, Wilson et Lafleur, Montréal, 2005, 303 p.
260 _c2005.
500 _a10
786 0 _nL'Année canonique | XLVII | 1 | 2005-02-11 | p. 380-382 | 0570-1953
856 4 1 _uhttps://shs.cairn.info/revue-l-annee-canonique-2005-1-page-380?lang=fr&redirect-ssocas=7080
999 _c1536198
_d1536198